Tilastot visalle 15 maata joissa on eniten Covid-19-tapauksia 27. hel 2021

Klikkaa tästä pelataksesi tätä visaa!

Yleistilastot

  • Tätä visaa on pelattu 3 kertaa
  • Keskiarvotulos 15 / 27

Vastaustilastot

maa% Oikein
Brasilia
100%
Espanja
100%
Intia
100%
Italia
100%
Meksiko
100%
Puola
100%
Ruotsi
100%
Saksa
100%
Sveitsi
100%
Yhdistynyt
kuningaskunta
100%
Yhdysvallat
100%
Kolumbia
50%
Liettua
50%
Portugali
50%
Ranska
50%
Slovenia
50%
Tšekki
50%
Turkki
50%
Venäjä
50%
Alankomaat
0%
Argentiina
0%
Bahrain
0%
Belgia
0%
Georgia
0%
Iran
0%
Israel
0%
Panama
0%

Tulosjakauma

Persentiili vastausten määrän mukaan

Jokaisen tuloksen saaneiden osuus

Tuloshistoriasi

Et ole pelannut tätä visaa